| 000 | 00746nas a2200253 4500 | ||
|---|---|---|---|
| 001 | BR2010000284 | ||
| 003 | BR-BrBNA | ||
| 005 | 20231205113826.0 | ||
| 007 | ta | ||
| 008 | 230509b bl.|||p| |||| 00| 00por d | ||
| 040 |
_aBR-BrBNA _bpor _cBiblioteca Nacional de Agricultura |
||
| 041 | _a(Pt) | ||
| 072 | _aJ11 | ||
| 100 | 1 | _aMagalhães, A.M. de | |
| 100 | 1 | _aFerreira, M.D. | |
| 100 | 1 | _aMoretti, C.L. | |
| 245 | 1 | _aEficácia de limpeza durante o beneficiamento do tomate de mesa | |
| 650 | _aTOMATE | ||
| 650 | _aPÓS-COLHEITA | ||
| 650 | _aBENEFICIAMENTO | ||
| 773 | 0 |
_tCiência Rural (Brazil) _xISSN 0103-8478 _g(Dec 2009), v. 39(9) p. 2431-2438 _wBR2010000284 |
|
| 909 |
_a202311 _bLúcia _c55 _dLúcia Elande |
||
| 942 |
_2AGRIS _n0 _cANA |
||
| 999 |
_c205828 _d205828 |
||